| 000 | 01276nam a2200337 a 4500 | ||
|---|---|---|---|
| 001 | 000115317 | ||
| 003 | CHAP | ||
| 005 | 20220329144529.0 | ||
| 008 | 190506s2018 mx a |sm |||||||spa d | ||
| 010 | _a111778 | ||
| 011 | _a112750 | ||
| 040 | _cCHAP | ||
| 090 | _aTesis | ||
| 100 | 1 |
_aVera Sánchez, Karina Sandibel. _9135296 |
|
| 245 | 1 | 0 |
_aEcogeografía y diversidad morfológica del género Crataegus L. en México, con base en características de semillas y endocarpios _h[En línea] _cpor Karina Sandibel Vera Sánchez. |
| 260 |
_aChapingo, Méx. : _bEl autor, _c2018. |
||
| 500 | _aPara ver el contenido del material haga clic en la liga | ||
| 502 | _aTesis (M.C. en Horticultura) -- UACH. Departamento de Fitotecnia | ||
| 590 |
_aBATCH-UPD _b05 _c20190506 _lUCH01 _h1232 |
||
| 590 |
_aE6339RRR _b05 _c20190506 _lUCH01 _h1232 |
||
| 590 |
_aE6339RRR _b05 _c20190506 _lUCH01 _h1232 |
||
| 590 |
_aE6339RRR _b05 _c20190506 _lUCH01 _h1234 |
||
| 650 | 1 | 4 |
_aSemillas _xFisiología y morfología. _9103902 |
| 650 | 1 | 4 |
_aTejocote _xConservación. _9135536 |
| 650 | 1 | 4 |
_aTejocote _xGenética. _9112048 |
| 650 | 1 | 4 |
_aTejocote _xGermoplasma. _9112050 |
| 856 |
_aFinding aid _uhttp://10.13.5.2/tesis/sist115317.pdf _zTeclea aquí |
||
| 901 | _aBK | ||
| 942 | _cTESIS | ||
| 942 | _n0 | ||
| 999 |
_c111778 _d111778 |
||